Theoretical Foundations of Health Education and Health Promotion (Record no. 156299)
[ view plain ]
| 000 -LEADER | |
|---|---|
| fixed length control field | 00438nam a2200145Ia 4500 |
| 008 - FIXED-LENGTH DATA ELEMENTS--GENERAL INFORMATION | |
| fixed length control field | 230411s9999 xx 000 0 und d |
| 020 ## - INTERNATIONAL STANDARD BOOK NUMBER | |
| International Standard Book Number | 978-0-7637-494-4 |
| 041 ## - LANGUAGE CODE | |
| Language code of text/sound track or separate title | eng |
| 082 ## - DEWEY DECIMAL CLASSIFICATION NUMBER | |
| Classification number | F/610.7/SHA/ROM/B05815 |
| 100 ## - MAIN ENTRY--PERSONAL NAME | |
| Personal name | Sharma Manoj & Romas John |
| 9 (RLIN) | 178748 |
| 245 ## - TITLE STATEMENT | |
| Title | Theoretical Foundations of Health Education and Health Promotion |
| 260 ## - PUBLICATION, DISTRIBUTION, ETC. (IMPRINT) | |
| Name of publisher, distributor, etc. | Jones and Bartlett |
| Place of publication, distribution, etc. | Boston |
| Date of publication, distribution, etc. | 2008 |
| 300 ## - PHYSICAL DESCRIPTION | |
| Extent | 274p |
| Withdrawn status | Lost status | Damaged status | Not for loan | Collection code | Home library | Current library | Date acquired | Vendor | Cost, normal purchase price | Bill number | Total Checkouts | Full call number | Barcode | Date last seen | Date last checked out | Cost, replacement price | Bill Date | Koha item type | Original Barcode |
|---|---|---|---|---|---|---|---|---|---|---|---|---|---|---|---|---|---|---|---|
| Smt. Bakul Tambat Institute of Nursing Education | Smt. Bakul Tambat Institute of Nursing Education | 10/11/2009 | CBS Publishers / | 2115.60 | IN2605 | 1 | F 610.7 SHA ROM B05815 | BTIN-BK-5815 | 15/01/2025 | 08/01/2025 | 1587.00 | 10/11/2009 | Books | B05815 |